Statistics for WWII A-Z #1

Click here to take the quiz!

General Stats

  • This quiz has been taken 34,365 times
  • The average score is 16 of 25

Answer Stats

Hint Answer % Correct
ICountry led by MussoliniItaly
95%
AMassive concentration campAuschwitz
94%
FTitle of Adolf HitlerF├╝hrer
90%
RUS President until 1945Franklin
Roosevelt
90%
BGerman "lightning war"Blitzkrieg
87%
JAmerican 4-wheel drive vehicleJeep
86%
UGerman submarineU-Boat
82%
LName for the German Air ForceLuftwaffe
78%
TSuccessor to RHarry Truman
77%
CHe has nothing to offer but blood,
toil, tears, and sweat
Winston Churchill
75%
EGerman encryption machineEnigma
71%
HEmperor of JapanHirohito
71%
PGerman word for tankPanzer
71%
DSite of Britain's evacuation
from France
Dunkirk
65%
STurning point on the Eastern FrontStalingrad
64%
VCapital of unoccupied FranceVichy
58%
YCrimean city that hosted a
conference in 1945
Yalta
57%
MFrench defenses against Germany{Maginot} Line
51%
NCity "raped" by Japan in 1937Nanking
51%
KAmerican political figure who
commanded PT-109
John F. Kennedy
43%
WWar between Finland
and the USSR
Winter War
42%
OBattle of Normandy code nameOverlord
41%
GBloody battle site in the
Solomon Islands
Guadalcanal
32%
ZMost decorated Soviet generalGeorgy Zhukov
28%
QNazi collaborator who led NorwayVidkun Quisling
23%

Score Distribution

Percentile by Number Answered

Percent of People with Each Score

Your Score History

You have not taken this quiz